<?xml version="1.0" encoding="UTF-8"?>
<record
    xmlns:xsi="http://www.w3.org/2001/XMLSchema-instance"
    xsi:schemaLocation="http://www.loc.gov/MARC21/slim http://www.loc.gov/standards/marcxml/schema/MARC21slim.xsd"
    xmlns="http://www.loc.gov/MARC21/slim">

  <leader>01770nam a22001937a 4500</leader>
  <controlfield tag="005">20260122144902.0</controlfield>
  <datafield tag="010" ind1=" " ind2=" ">
    <subfield code="a">B-777912                                </subfield>
  </datafield>
  <datafield tag="020" ind1=" " ind2=" ">
    <subfield code="a">9788196843168</subfield>
    <subfield code="c">200.00</subfield>
  </datafield>
  <datafield tag="035" ind1=" " ind2=" ">
    <subfield code="a">B-777912   </subfield>
  </datafield>
  <datafield tag="037" ind1=" " ind2=" ">
    <subfield code="b">&#x909;&#x92A;&#x939;&#x93E;&#x930;</subfield>
  </datafield>
  <datafield tag="082" ind1=" " ind2=" ">
    <subfield code="a">821</subfield>
  </datafield>
  <datafield tag="100" ind1=" " ind2=" ">
    <subfield code="a">&#x936;&#x94D;&#x930;&#x940;&#x935;&#x93E;&#x938;&#x94D;&#x924;&#x935;,&#x905;&#x916;&#x93F;&#x932;&#x947;&#x936; &#x91A;&#x92E;&#x928;</subfield>
    <subfield code="9">86809</subfield>
  </datafield>
  <datafield tag="245" ind1=" " ind2=" ">
    <subfield code="a">&#x92A;&#x91A;&#x92A;&#x928; &#x930;&#x902;&#x917; &#x92C;&#x91A;&#x92A;&#x928; &#x915;&#x947;:</subfield>
    <subfield code="b">&#x92C;&#x939;&#x941;&#x930;&#x902;&#x917;&#x940; &#x92C;&#x93E;&#x932; &#x915;&#x935;&#x93F;&#x924;&#x93E;&#x90F;&#x901;/</subfield>
    <subfield code="c">&#x905;&#x916;&#x93F;&#x932;&#x947;&#x936; &#x936;&#x94D;&#x930;&#x940;&#x935;&#x93E;&#x938;&#x94D;&#x924;&#x935; &#x91A;&#x92E;&#x928;</subfield>
  </datafield>
  <datafield tag="260" ind1=" " ind2=" ">
    <subfield code="a"> &#x926;&#x93F;&#x932;&#x94D;&#x932;&#x940;</subfield>
    <subfield code="b">&#x905;&#x926;&#x94D;&#x935;&#x93F;&#x915; &#x92A;&#x92C;&#x94D;&#x932;&#x93F;&#x915;&#x947;&#x936;&#x928; &#x92A;&#x94D;&#x930;&#x93E;&#x907;&#x935;&#x947;&#x91F; &#x932;&#x93F;&#x92E;&#x93F;&#x91F;&#x947;&#x921;</subfield>
    <subfield code="c">2024                                                                                                                                                                                                                                                                                                                                                                                                                                                                                                                                                                                                                                                                                                                                      </subfield>
  </datafield>
  <datafield tag="270" ind1=" " ind2=" ">
    <subfield code="a">41 &#x939;&#x938;&#x928;&#x92A;&#x941;&#x930; &#x906;&#x908;.&#x92A;&#x940; &#x90F;&#x915;&#x94D;&#x938;&#x91F;&#x947;&#x902;&#x936;&#x928; &#x92A;&#x91F;&#x92A;&#x921;&#x93C;&#x917;&#x902;&#x91C;</subfield>
    <subfield code="b"> &#x926;&#x93F;&#x932;&#x94D;&#x932;&#x940;</subfield>
    <subfield code="e">110092</subfield>
  </datafield>
  <datafield tag="300" ind1=" " ind2=" ">
    <subfield code="a">60&#x92A;&#x943;..;</subfield>
    <subfield code="c">24&#x938;&#x947;&#x92E;&#x940; (&#x906;&#x91C;&#x93F;&#x932;&#x94D;&#x926;)</subfield>
    <subfield code="b">&#x938;&#x91A;&#x93F;&#x924;&#x94D;&#x930;</subfield>
  </datafield>
  <datafield tag="942" ind1=" " ind2=" ">
    <subfield code="a">dpl</subfield>
    <subfield code="c">CH</subfield>
    <subfield code="2">ddc</subfield>
    <subfield code="h">821</subfield>
    <subfield code="m">&#x936;&#x94D;&#x930;&#x940;&#x935;&#x93E;&#x938;&#x94D;&#x924;</subfield>
  </datafield>
  <datafield tag="999" ind1=" " ind2=" ">
    <subfield code="c">214461</subfield>
    <subfield code="d">214461</subfield>
  </datafield>
  <datafield tag="952" ind1=" " ind2=" ">
    <subfield code="0">0</subfield>
    <subfield code="1">0</subfield>
    <subfield code="4">0</subfield>
    <subfield code="7">0</subfield>
    <subfield code="8">NFIC</subfield>
    <subfield code="a">M</subfield>
    <subfield code="b">M</subfield>
    <subfield code="d">2026-01-22</subfield>
    <subfield code="e">&#x909;&#x92A;&#x939;&#x93E;&#x930;/ 07.01.2026</subfield>
    <subfield code="g">200.00</subfield>
    <subfield code="l">0</subfield>
    <subfield code="o">821 &#x936;&#x94D;&#x930;&#x940;&#x935;&#x93E;&#x938;&#x94D;&#x924;</subfield>
    <subfield code="p">B-777912</subfield>
    <subfield code="r">2026-01-22 00:00:00</subfield>
    <subfield code="t">1</subfield>
    <subfield code="v">200.00</subfield>
    <subfield code="w">2026-01-22</subfield>
    <subfield code="y">CH</subfield>
    <subfield code="z">&#x909;&#x92A;&#x939;&#x93E;&#x930;</subfield>
  </datafield>
</record>
